[Event "Mercredi 2014.01.08"]
[Site "Montreal CAN"]
[Date "2014.01.15"]
[Round "2"]
[White "Khudaverdian, Berj"]
[Black "Ouellet, Maili-Jade"]
[Result "1-0"]
[WhiteElo "1697"]
[BlackElo "1720"]
[PlyCount "109"]
[EventDate "2014.01.08"]
[EventType "tourn"]
[EventRounds "5"]
[EventCountry "CAN"]

1. Nf3 e6 2. d4 d5 3. g3 Nf6 4. Bg5 Be7 5. Nbd2 Nbd7 6. Bg2 h6 7. Bxf6 Nxf6 8.
O-O O-O 9. Ne5 c5 10. e3 Nd7 11. Ndf3 Bd6 12. c3 f6 13. Ng6 Re8 14. Qc2 b6 15.
Rad1 Bb7 16. Nfh4 b5 17. Qe2 a6 18. Bh3 Qc7 19. f4 Nf8 20. Qg4 Bc8 21. Qf3 Qf7
22. Nxf8 Bxf8 23. Bg4 Qb7 24. Bh5 Rd8 25. Ng6 Bd6 26. a3 a5 27. Nh4 Qc6 28. Bg6
Bb7 29. Qh5 Qc7 30. Bb1 f5 31. Nf3 Qf7 32. Qxf7+ Kxf7 33. Ne5+ Kf6 34. g4 g6
35. g5+ hxg5 36. fxg5+ Kg7 37. Nd3 c4 38. Nf4 Kf7 39. Rd2 Rh8 40. Rg2 e5 41.
dxe5 Bxe5 42. Nxg6 Rxh2 43. Nxe5+ Ke6 44. Kxh2 Rh8+ 45. Kg3 Kxe5 46. Rxf5+ Kd6
47. Rf6+ Kc5 48. g6 Bc6 49. g7 Rg8 50. Rf7 Be8 51. Ra7 Kb6 52. Re7 Kc6 53. Bh7
Kd6 54. Ra7 Rxg7+ 55. Rxg7 1-0

[Event "Mercredi 2014.01.08"]
[Site "Montreal CAN"]
[Date "2014.01.15"]
[Round "2"]
[White "Lopez Linares, Lizandro"]
[Black "Lebeau, Gilbert"]
[Result "1-0"]
[WhiteElo "2037"]
[BlackElo "2065"]
[PlyCount "67"]
[EventDate "2014.01.08"]
[EventType "tourn"]
[EventRounds "5"]
[EventCountry "CAN"]

1. d4 d5 2. c4 c6 3. Nf3 Nf6 4. Nc3 e6 5. Bg5 h6 6. Bxf6 Qxf6 7. e3 Bd6 8. Qc2
Nd7 9. Rc1 O-O 10. Bd3 Qe7 11. O-O f5 12. cxd5 exd5 13. Bxf5 Rxf5 14. Qxf5 Ne5
15. Nxd5 Nxf3+ 16. Qxf3 cxd5 17. Qxd5+ Be6 18. Qe4 Qf7 19. Qh4 Kh7 20. Qe4+ g6
21. Qf3 Qd7 22. e4 Rf8 23. Qd3 Qd8 24. f3 Bf4 25. Rc2 Qh4 26. g3 Qg5 27. Kg2 h5
28. Rc5 Qd8 29. gxf4 Rxf4 30. Kh1 b6 31. Rc2 Qf6 32. d5 Bh3 33. Rff2 Qe5 34. d6
1-0

[Event "Mercredi 2014.01.08"]
[Site "Montreal CAN"]
[Date "2014.01.15"]
[Round "2"]
[White "Millette, Sylvain"]
[Black "Salazar, Andres"]
[Result "0-1"]
[WhiteElo "1697"]
[BlackElo "1703"]
[PlyCount "89"]
[EventDate "2014.01.08"]
[EventType "tourn"]
[EventRounds "5"]
[EventCountry "CAN"]

1. Nf3 c5 2. g3 Nc6 3. Bg2 Nf6 4. c4 g6 5. b3 Bg7 6. Bb2 O-O 7. O-O d6 8. d4
Bf5 9. dxc5 dxc5 10. Na3 Qc8 11. Nc2 Bh6 12. e3 Rd8 13. Qc1 Bg7 14. Ne5 Ne4 15.
Nxc6 Qxc6 16. Bxg7 Kxg7 17. Qb2+ f6 18. f3 Ng5 19. e4 Nh3+ 20. Bxh3 Bxh3 21.
Rfd1 h5 22. Ne3 e6 23. Rd2 h4 24. Rad1 Qc7 25. g4 Qf4 26. Ng2 Rxd2 27. Rxd2
Qxf3 28. Rf2 Qd1+ 29. Rf1 Qd4+ 30. Qf2 Bxg2 31. Qxd4 cxd4 32. Kxg2 Rd8 33. Rd1
Kh6 34. Rd3 Kg5 35. Kf3 h3 36. Kg3 e5 37. Kf3 Rh8 38. c5 Rh4 39. b4 Rxg4 40. b5
Rg1 41. Kf2 Rg2+ 42. Ke1 Rc2 43. c6 bxc6 44. bxc6 Kf4 45. Rxh3 0-1

[Event "Mercredi 2014.01.08"]
[Site "Montreal CAN"]
[Date "2014.01.15"]
[Round "2"]
[White "Saha, Ananda"]
[Black "Heredia, Jose"]
[Result "0-1"]
[WhiteElo "1765"]
[BlackElo "1849"]
[PlyCount "138"]
[EventDate "2014.01.08"]
[EventType "tourn"]
[EventRounds "5"]
[EventCountry "CAN"]

1. d4 d5 2. c4 c6 3. Nf3 Nf6 4. Nc3 e6 5. e3 Nbd7 6. Bd3 dxc4 7. Bxc4 b5 8. Bd3
Bb7 9. O-O Be7 10. e4 a6 11. e5 Nd5 12. Nxd5 exd5 13. e6 fxe6 14. Qc2 Qc7 15.
Ng5 Bxg5 16. Bxg5 Nf6 17. Rfe1 Kf7 18. Re3 Rae8 19. Rae1 Bc8 20. Rf3 e5 21.
dxe5 Rxe5 22. Rxe5 Qxe5 23. Bxf6 gxf6 24. Re3 Qc7 25. Qe2 h5 26. Rg3 Qe5 27.
Re3 Qc7 28. Rg3 h4 29. Re3 c5 30. Qf3 Qd6 31. b3 Bd7 32. Qd1 d4 33. Re1 h3 34.
g3 Bc6 35. f3 f5 36. Bxf5 d3 37. Bxd3 Qd4+ 38. Kf1 Rd8 39. Bg6+ Kxg6 40. Qxd4
Rxd4 41. Re6+ Kg5 42. Rxc6 Rd1+ 43. Ke2 Rh1 44. f4+ Kg4 45. Rg6+ Kf5 46. Rg5+
Ke4 47. Re5+ Kd4 48. Kf3 Rxh2 49. Rh5 Rxa2 50. Rxh3 Rb2 51. f5 Ke5 52. Kg4 Rxb3
53. Rh6 a5 54. Re6+ Kd5 55. Re1 Rb4+ 56. Kh5 Rb3 57. g4 Rf3 58. Kg6 a4 59. f6
b4 60. f7 a3 61. Re3 Rxf7 62. Kxf7 a2 63. Re1 b3 64. Ra1 b2 65. Rxa2 b1=Q 66.
Rd2+ Ke5 67. Kg7 Qg1 68. Re2+ Kd4 69. Rd2+ Kc3 0-1

[Event "Mercredi 2014.01.08"]
[Site "Montreal CAN"]
[Date "2014.01.15"]
[Round "2"]
[White "Struben, Jeroen"]
[Black "O'Connor, Michael"]
[Result "0-1"]
[WhiteElo "1745"]
[BlackElo "1741"]
[PlyCount "65"]
[EventDate "2014.01.08"]
[EventType "tourn"]
[EventRounds "5"]
[EventCountry "CAN"]

1. d4 Nf6 2. c4 e6 3. Nc3 d5 4. cxd5 exd5 5. Bg5 Be7 6. e3 O-O 7. Bd3 c6 8. Qc2
Nbd7 9. f3 c5 10. dxc5 Nxc5 11. Bf5 Bxf5 12. Qxf5 Qb6 13. Nge2 g6 14. Qc2 Rfd8
15. Nd4 Ne6 16. Nxe6 Qxe6 17. O-O Rac8 18. Kh1 Kg7 19. Qb3 h6 20. Bh4 b6 21.
Rad1 g5 22. Bf2 Bc5 23. Nb5 Qe7 24. Nd4 Bxd4 25. Rxd4 Rc6 26. Rfd1 Rdc8 27. Be1
Rc2 28. Bc3 Re2 29. R4d3 Kg6 30. R3d2 Rxe3 31. Qc2+ Kg7 32. Rxd5 Qc7 33. Qf2 {
...} 0-1

[Event "Mercredi 2014.01.08"]
[Site "Montreal CAN"]
[Date "2014.01.15"]
[Round "2"]
[White "Valle-Romo, Ricardo"]
[Black "Have, Didier"]
[Result "1-0"]
[WhiteElo "2009"]
[BlackElo "1991"]
[PlyCount "77"]
[EventDate "2014.01.08"]
[EventType "tourn"]
[EventRounds "5"]
[EventCountry "CAN"]

1. g3 d5 2. Bg2 e6 3. Nf3 f5 4. d3 Nf6 5. O-O Be7 6. c3 O-O 7. Qc2 b6 8. Nbd2
Bb7 9. Nd4 Qd7 10. e4 c5 11. N4b3 c4 12. dxc4 dxe4 13. a4 Nc6 14. a5 Ne5 15.
Nd4 Nfg4 16. Qa4 Qc8 17. a6 Bc6 18. Nxc6 Nxc6 19. h3 Nge5 20. b3 Nd3 21. Ba3
Bxa3 22. Qxa3 Qc7 23. Rfd1 Nce5 24. Nf1 Rad8 25. Ra2 Rd7 26. Rad2 Rfd8 27. Qa2
Qc5 28. Ne3 h5 29. b4 Qe7 30. c5 Qf7 31. cxb6 axb6 32. Nc4 Nxc4 33. Qxc4 Nb2
34. Rxd7 Nxc4 35. Rxd8+ Kh7 36. R1d7 Qg6 37. a7 e3 38. a8=Q exf2+ 39. Kh2 1-0

[Event "Mercredi 2014.01.08"]
[Site "Montreal CAN"]
[Date "2014.01.22"]
[Round "3"]
[White "Cardin, Guillaume"]
[Black "Lopez Linares, Lizandro"]
[Result "1/2-1/2"]
[WhiteElo "2037"]
[BlackElo "2037"]
[PlyCount "71"]
[EventDate "2014.01.08"]
[EventType "tourn"]
[EventRounds "5"]
[EventCountry "CAN"]

1. d4 Nf6 2. c4 c5 3. d5 b5 4. cxb5 a6 5. bxa6 Bxa6 6. Nc3 d6 7. Nf3 g6 8. e4
Bxf1 9. Kxf1 Bg7 10. g3 O-O 11. Kg2 Nbd7 12. a4 Qa5 13. Bd2 Rfb8 14. Nb5 Qb6
15. Qe2 Ne8 16. Bc3 Nc7 17. Nxc7 Qxc7 18. Bxg7 Kxg7 19. h4 h5 20. Rhb1 Rb4 21.
b3 c4 22. bxc4 Rxc4 23. Rb7 Qxb7 24. Qxc4 Nc5 25. Ng5 Qb2 26. Ra2 Qb3 27. Qxb3
Nxb3 28. Ra3 Nc5 29. a5 Ra6 30. f4 Nb7 31. e5 Rxa5 32. Rxa5 Nxa5 33. exd6 exd6
34. Ne4 Nc4 35. Kf3 f5 36. Nc3 1/2-1/2

[Event "Mercredi 2014.01.08"]
[Site "Montreal CAN"]
[Date "2014.01.22"]
[Round "3"]
[White "Destree, Frederic"]
[Black "Gauthier, Luc"]
[Result "1-0"]
[WhiteElo "1871"]
[BlackElo "1876"]
[PlyCount "35"]
[EventDate "2014.01.08"]
[EventType "tourn"]
[EventRounds "5"]
[EventCountry "CAN"]

1. Nf3 d5 2. g3 e6 3. Bg2 c5 4. O-O Nc6 5. d3 Nf6 6. Nbd2 Be7 7. e4 O-O 8. Re1
Re8 9. e5 Nd7 10. Nf1 Nf8 11. h4 h6 12. N1h2 Qc7 13. Ng4 Kh7 14. h5 b5 15. Bf4
c4 16. Qd2 Nb4 17. Bxh6 cxd3 18. Bxg7 1-0

[Event "Mercredi 2014.01.08"]
[Site "Montreal CAN"]
[Date "2014.01.22"]
[Round "3"]
[White "Dumouchel, Alain"]
[Black "Valle-Romo, Ricardo"]
[Result "1-0"]
[WhiteElo "1923"]
[BlackElo "2009"]
[PlyCount "55"]
[EventDate "2014.01.08"]
[EventType "tourn"]
[EventRounds "5"]
[EventCountry "CAN"]

1. e4 c6 2. d4 d5 3. Nc3 dxe4 4. Nxe4 Nf6 5. Nxf6+ gxf6 6. c3 Bf5 7. Ne2 Nd7 8.
Ng3 Bg6 9. f4 e6 10. f5 exf5 11. Qf3 Qa5 12. Bc4 Bd6 13. O-O Bxg3 14. Qxg3
O-O-O 15. b4 Qb6 16. a4 a5 17. Be3 axb4 18. a5 Qc7 19. Bf4 Ne5 20. dxe5 Qe7 21.
Qe3 bxc3 22. Qxc3 Qc5+ 23. Rf2 Qd4 24. Qxd4 Rxd4 25. Be2 Re8 26. a6 b5 27. exf6
Ree4 28. a7 1-0

[Event "Mercredi 2014.01.08"]
[Site "Montreal CAN"]
[Date "2014.01.22"]
[Round "3"]
[White "Fortin-Lavoie, Patrice"]
[Black "Saha, Ananda"]
[Result "0-1"]
[WhiteElo "1872"]
[BlackElo "1765"]
[PlyCount "68"]
[EventDate "2014.01.08"]
[EventType "tourn"]
[EventRounds "5"]
[EventCountry "CAN"]

1. e4 c5 2. Nf3 e6 3. d4 cxd4 4. Nxd4 Nc6 5. Nb5 d6 6. Be2 a6 7. N5c3 b5 8. Be3
Bb7 9. f4 Nf6 10. O-O b4 11. Na4 Nxe4 12. f5 exf5 13. Rxf5 g6 14. Rxf7 Kxf7 15.
Qd5+ Kg7 16. Qxe4 Qe7 17. Qf4 Qe5 18. Nd2 Qxf4 19. Bxf4 Re8 20. Bc4 Ne5 21. Bb3
Be7 22. Nb6 Rhf8 23. Bxe5+ dxe5 24. Nd7 Rf5 25. Nc4 Rg5 26. g3 Rd8 27. Ndxe5
Bc5+ 28. Kf1 Rf5+ 29. Ke2 Rf2+ 30. Ke1 Rxh2 31. Nd3 Re8+ 32. Kd1 Bf3+ 33. Kc1
Rh1+ 34. Kd2 Re2# 0-1

[Event "Mercredi 2014.01.08"]
[Site "Montreal CAN"]
[Date "2014.01.22"]
[Round "3"]
[White "Have, Didier"]
[Black "Nardone, Raul"]
[Result "1-0"]
[WhiteElo "1991"]
[BlackElo "1898"]
[PlyCount "79"]
[EventDate "2014.01.08"]
[EventType "tourn"]
[EventRounds "5"]
[EventCountry "CAN"]

1. e4 c5 2. b4 cxb4 3. a3 bxa3 4. Nxa3 e6 5. Nf3 Nf6 6. e5 Ne4 7. Be2 d6 8. O-O
dxe5 9. Bb2 Be7 10. Nxe5 O-O 11. d4 Nd7 12. Bd3 Nef6 13. Nac4 Qc7 14. f4 b6 15.
Rf3 Bb7 16. Rh3 g6 17. Qe2 a5 18. g4 b5 19. Nd2 Nxe5 20. fxe5 Qc6 21. exf6 Qh1+
22. Kf2 Qg2+ 23. Ke1 Qxh3 24. fxe7 Qh4+ 25. Kd1 Qxe7 26. Bxb5 Qc7 27. Bd3 Qf4
28. Be4 Bxe4 29. Nxe4 Rfd8 30. g5 Rab8 31. Bc3 e5 32. Nf6+ Kf8 33. d5 Rbc8 34.
Bxe5 Qb4 35. Nxh7+ Kg8 36. Nf6+ Kf8 37. Qd2 Rc4 38. Qxb4+ axb4 39. d6 Rc5 40.
Nd7+ 1-0

[Event "Mercredi 2014.01.08"]
[Site "Montreal CAN"]
[Date "2014.01.22"]
[Round "3"]
[White "Heredia, Jose"]
[Black "Brassard, Sylvain"]
[Result "1-0"]
[WhiteElo "1849"]
[BlackElo "1769"]
[PlyCount "52"]
[EventDate "2014.01.08"]
[EventType "tourn"]
[EventRounds "5"]
[EventCountry "CAN"]

1. e4 c6 2. d4 d5 3. e5 Bf5 4. Nc3 e6 5. g4 Bg6 6. Nge2 Bb4 7. Bd2 Qh4 8. Nf4
Bxc3 9. bxc3 Be4 10. Bg2 Bxg2 11. Nxg2 Qd8 12. Rb1 Qc7 13. Nf4 g6 14. h4 Nd7
15. Ng2 h6 16. Rh3 O-O-O 17. Rb3 f6 18. Nf4 Nf8 19. Nd3 b6 20. exf6 Nxf6 21.
Bf4 Qe7 22. Ne5 Kb7 23. g5 Nh5 24. Rf3 Ng7 25. gxh6 Nf5 26. Bg5 Qc7 1-0

[Event "Mercredi 2014.01.08"]
[Site "Montreal CAN"]
[Date "2014.01.22"]
[Round "3"]
[White "Lebeau, Gilbert"]
[Black "Cloutier, Mathieu"]
[Result "0-1"]
[WhiteElo "2065"]
[BlackElo "2111"]
[PlyCount "66"]
[EventDate "2014.01.08"]
[EventType "tourn"]
[EventRounds "5"]
[EventCountry "CAN"]

1. d4 Nf6 2. c4 c5 3. d5 e6 4. Nc3 exd5 5. cxd5 d6 6. Nf3 g6 7. Bf4 a6 8. a4
Bg7 9. h3 O-O 10. e3 Qc7 11. Nd2 Nbd7 12. Nc4 Ne8 13. e4 Nb6 14. Ne3 Qe7 15.
Bg3 f5 16. exf5 Bxf5 17. Be2 Bd7 18. Qb3 Nc8 19. Qxb7 Ra7 20. Qb8 Nf6 21. O-O
Ne4 22. Nxe4 Qxe4 23. Bxd6 Nxd6 24. Qxa7 Nf5 25. Bf3 Qe8 26. Rfe1 Nd4 27. Bg4
Bxg4 28. hxg4 Qd8 29. Rad1 Qh4 30. Rd2 Be5 31. Nf1 Qxg4 32. Rxd4 Bxd4 33. Ne3
Qf4 0-1

[Event "Mercredi 2014.01.08"]
[Site "Montreal CAN"]
[Date "2014.01.22"]
[Round "3"]
[White "O'Connor, Michael"]
[Black "Millette, Sylvain"]
[Result "1/2-1/2"]
[WhiteElo "1741"]
[BlackElo "1697"]
[PlyCount "35"]
[EventDate "2014.01.08"]
[EventType "tourn"]
[EventRounds "5"]
[EventCountry "CAN"]

1. d4 Nf6 2. c4 g6 3. Nc3 d5 4. cxd5 Nxd5 5. e4 Nxc3 6. bxc3 c5 7. Bc4 Bg7 8.
Ne2 O-O 9. Be3 cxd4 10. cxd4 Nc6 11. O-O Na5 12. Bd3 e6 13. Rc1 Nc6 14. Bc4 Na5
15. Bd3 Nc6 16. Bc4 Na5 17. Bd3 Nc6 18. Bc4 1/2-1/2

[Event "Mercredi 2014.01.08"]
[Site "Montreal CAN"]
[Date "2014.01.22"]
[Round "3"]
[White "Ouellet, Maili-Jade"]
[Black "Struben, Jeroen"]
[Result "0-1"]
[WhiteElo "1720"]
[BlackElo "1745"]
[PlyCount "150"]
[EventDate "2014.01.08"]
[EventType "tourn"]
[EventRounds "5"]
[EventCountry "CAN"]

1. d4 Nf6 2. c4 c5 3. d5 b5 4. cxb5 a6 5. bxa6 g6 6. g3 d6 7. Bg2 Bxa6 8. b3
Bg7 9. Bb2 Nbd7 10. Nh3 O-O 11. O-O Qb6 12. a3 Bc4 13. bxc4 Qxb2 14. Nd2 Rxa3
15. Rxa3 Qxa3 16. e4 Rb8 17. f4 Rb2 18. Rf3 Qa2 19. Rf2 h5 20. Nf1 Ng4 21. Rxb2
Qxb2 22. Qd2 Bd4+ 23. Kh1 Qb4 24. Qe2 Qb1 25. Qd2 Nb6 26. Qe2 Ne3 27. f5 Nbxc4
28. fxg6 fxg6 29. Ng1 Nxf1 30. Bxf1 Ne3 31. Bh3 Qxe4+ 32. Qf3 Qxf3+ 33. Nxf3
Bf6 34. Nd2 c4 35. Ne4 c3 36. Nxc3 Bxc3 37. Kg1 Kg7 38. Be6 Kf6 39. Kf2 Ng4+
40. Kg2 Ke5 41. Bf7 Ne3+ 42. Kf3 Nxd5 43. Bxg6 Nf6 44. h3 d5 45. Ke3 d4+ 46.
Kf3 Kd6 47. Kf4 e5+ 48. Kf5 Ke7 49. Kxe5 d3+ 50. Kf4 d2 51. Bc2 Kd6 52. g4 hxg4
53. hxg4 Kd5 54. g5 Nd7 55. Ke3 Ne5 56. Ke2 Ke6 57. Ke3 Kf7 58. Ke2 Kg7 59. Ke3
Nf7 60. Kf4 Bb4 61. g6 Nh8 62. Ke3 Nxg6 63. Ke2 Kf6 64. Kf3 Ke5 65. Ke3 Nf4 66.
Ba4 Ng2+ 67. Kf2 Ne1 68. Ke3 Kd5 69. Bb3+ Kc5 70. Ke4 Bc3 71. Ke3 Kb4 72. Bd1
Ka3 73. Ke2 Kb2 74. Ke3 Kc1 75. Ke2 Nc2 0-1

[Event "Mercredi 2014.01.08"]
[Site "Montreal CAN"]
[Date "2014.01.22"]
[Round "3"]
[White "Rondon, Luciano"]
[Black "Barko, Maxim"]
[Result "0-1"]
[WhiteElo "1910"]
[BlackElo "1883"]
[PlyCount "76"]
[EventDate "2014.01.08"]
[EventType "tourn"]
[EventRounds "5"]
[EventCountry "CAN"]

1. d4 Nf6 2. c4 c5 3. d5 b5 4. cxb5 a6 5. b6 Qxb6 6. Nc3 d6 7. e4 g6 8. Be2 Bg7
9. Nf3 Nbd7 10. O-O O-O 11. Rb1 Qc7 12. Nd2 Nb6 13. a4 Rb8 14. a5 Nbd7 15. Nc4
Rb4 16. f4 Ne8 17. Be3 Qb8 18. Qc2 Nc7 19. Kh1 Nb5 20. Na2 Nd4 21. Bxd4 cxd4
22. Nxb4 Qxb4 23. Qd2 Qb3 24. Rf3 Qb7 25. b4 Nc5 26. Bd3 Na4 27. Nb6 Nxb6 28.
axb6 Qxb6 29. b5 axb5 30. Rxb5 Qc7 31. Rb3 f5 32. Rf1 fxe4 33. Bxe4 Be5 34.
Rbf3 Bg7 35. Rc1 Qd7 36. Qd3 Qg4 37. Rcf1 Bf5 38. Bxf5 Qxf5 0-1

[Event "Mercredi 2014.01.08"]
[Site "Montreal CAN"]
[Date "2014.01.22"]
[Round "3"]
[White "Salazar, Andres"]
[Black "Khudaverdian, Berj"]
[Result "1-0"]
[WhiteElo "1703"]
[BlackElo "1697"]
[PlyCount "73"]
[EventDate "2014.01.08"]
[EventType "tourn"]
[EventRounds "5"]
[EventCountry "CAN"]

1. e4 d6 2. d4 Nf6 3. Nc3 g6 4. f3 Bg7 5. Bg5 O-O 6. Qd2 Re8 7. O-O-O c6 8.
Nge2 Nbd7 9. Bh6 Qa5 10. g4 Bh8 11. h4 e5 12. h5 exd4 13. Nxd4 Ne5 14. hxg6
fxg6 15. Be2 Be6 16. Nxe6 Rxe6 17. g5 Nh5 18. Rxh5 gxh5 19. f4 Nf7 20. Bc4 Bxc3
21. bxc3 d5 22. exd5 Re4 23. Bb3 Rd8 24. d6 Qf5 25. d7 a5 26. a3 a4 27. Ba2 Qc5
28. Qd3 Qxa3+ 29. Kb1 Qe7 30. f5 Re1 31. g6 Rxd1+ 32. Qxd1 hxg6 33. Qd4 Qe1+
34. Kb2 a3+ 35. Kxa3 Ra8+ 36. Kb2 Rxa2+ 37. Kxa2 1-0

[Event "Mercredi 2014.01.08"]
[Site "Montreal CAN"]
[Date "2014.01.29"]
[Round "4"]
[White "Cloutier, Mathieu"]
[Black "Cardin, Guillaume"]
[Result "1/2-1/2"]
[WhiteElo "2111"]
[BlackElo "2037"]
[PlyCount "204"]
[EventDate "2014.01.08"]
[EventType "tourn"]
[EventRounds "5"]
[EventCountry "CAN"]

1. e4 e5 2. Nf3 Nc6 3. Bb5 a6 4. Ba4 Nf6 5. O-O Be7 6. Re1 b5 7. Bb3 d6 8. c3
O-O 9. h3 Nb8 10. d3 Nbd7 11. Nbd2 Bb7 12. Nf1 Nc5 13. Bc2 Re8 14. Ne3 g6 15.
a4 Nxa4 16. Bxa4 bxa4 17. Qxa4 Bf8 18. Nh2 Qd7 19. Neg4 Qxa4 20. Nxf6+ Kg7 21.
Nh5+ gxh5 22. Rxa4 Bc6 23. Rc4 Bb5 24. Rxc7 Bxd3 25. Re3 Bc2 26. Nf1 Re7 27.
Rg3+ Kh8 28. Bg5 Re6 29. Nd2 f6 30. Be3 Bd1 31. f3 Re7 32. Rxe7 Bxe7 33. Bh6
Bf8 34. Be3 Rb8 35. Nc4 Be2 36. Nb6 Rb7 37. Kf2 Bb5 38. Nd5 Bc4 39. Nxf6 Rxb2+
40. Kg1 Be7 41. Nxh5 Rb1+ 42. Kh2 Bf7 43. Ng7 Bg6 44. Nf5 Bf8 45. Bg5 Kg8 46.
f4 Kf7 47. fxe5 dxe5 48. Rd3 Ke6 49. Bh6 Bxh6 50. Rd6+ Kf7 51. Nxh6+ Ke7 52.
Rxa6 Bxe4 53. Ra5 Ke6 54. Ng4 Bd5 55. c4 Bxc4 56. Rxe5+ Kf7 57. Rh5 Kg7 58. Rc5
Bf1 59. Rg5+ Kh8 60. Nf6 Bc4 61. Rc5 Rb4 62. Rc7 Bd3 63. Nh5 Kg8 64. Rg7+ Kf8
65. Rc7 Kg8 66. Rd7 Rb3 67. Nf6+ Kh8 68. g4 h6 69. Rd8+ Kg7 70. Nh5+ Kh7 71.
Rd7+ Kh8 72. Rd6 Kh7 73. h4 Bg6 74. Rd7+ Kh8 75. Rd6 Rb2+ 76. Kg3 Rb3+ 77. Kf2
Rb2+ 78. Ke3 Rb3+ 79. Kd2 Kh7 80. Nf4 Bb1 81. Rd7+ Kh8 82. Kc1 Rb4 83. Nh5 Bg6
84. Rd8+ Kh7 85. Nf6+ Kg7 86. g5 hxg5 87. hxg5 Rb1+ 88. Kd2 Rg1 89. Rd7+ Kf8
90. Rd5 Kf7 91. Ke3 Bb1 92. Nh5 Kg6 93. Nf4+ Kg7 94. Kf2 Rg4 95. Kf3 Rg1 96.
Rd7+ Kg8 97. Ng2 Be4+ 98. Kxe4 Rxg2 99. Kf5 Ra2 100. Kg6 Ra6+ 101. Kh5 Rb6 102.
g6 Rb1 1/2-1/2

[Event "Mercredi 2014.01.08"]
[Site "Montreal CAN"]
[Date "2014.01.29"]
[Round "4"]
[White "Fortin-Lavoie, Patrice"]
[Black "Destree, Frederic"]
[Result "0-1"]
[WhiteElo "1872"]
[BlackElo "1871"]
[PlyCount "104"]
[EventDate "2014.01.08"]
[EventType "tourn"]
[EventRounds "5"]
[EventCountry "CAN"]

1. d4 Nf6 2. Bg5 Ne4 3. Bf4 c5 4. f3 Nf6 5. e4 cxd4 6. Qxd4 Nc6 7. Qd2 e5 8.
Be3 Bb4 9. Nc3 O-O 10. O-O-O Qa5 11. Nge2 d5 12. exd5 Rd8 13. Qd3 Be6 14. Bg5
Nxd5 15. Bxd8 Rxd8 16. Qb5 Qxb5 17. Nxb5 Rc8 18. Kb1 Ne3 19. Rd3 Nxf1 20. Rxf1
Bc4 21. Nbc3 Bxd3 22. cxd3 Rd8 23. Kc2 f5 24. f4 g6 25. fxe5 Nxe5 26. d4 Ng4
27. Kb3 Be7 28. h3 Ne3 29. Rg1 Bf6 30. g4 fxg4 31. Rg3 Nf5 32. Rxg4 Nxd4+ 33.
Nxd4 Rxd4 34. Rxd4 Bxd4 35. Nb5 Bf2 36. Nd6 b6 37. Kc4 Kg7 38. Nc8 Kf6 39. Nxa7
g5 40. Nc8 Ke6 41. Kb5 h5 42. Nxb6 Bxb6 43. Kxb6 g4 44. a4 gxh3 45. a5 h2 46.
a6 h1=Q 47. a7 h4 48. b4 h3 49. b5 h2 50. Kc7 Qa8 51. b6 h1=Q 52. b7 Qhxb7# 0-1

[Event "Mercredi 2014.01.08"]
[Site "Montreal CAN"]
[Date "2014.01.29"]
[Round "4"]
[White "Gauthier, Luc"]
[Black "Heredia, Jose"]
[Result "0-1"]
[WhiteElo "1876"]
[BlackElo "1849"]
[PlyCount "90"]
[EventDate "2014.01.08"]
[EventType "tourn"]
[EventRounds "5"]
[EventCountry "CAN"]

1. e4 c6 2. d4 d5 3. f3 Qb6 4. Nc3 dxe4 5. fxe4 e5 6. Nf3 exd4 7. Nxd4 Bc5 8.
Na4 Qa5+ 9. c3 Bxd4 10. Qxd4 Nf6 11. Bf4 O-O 12. O-O-O Be6 13. Nc5 Re8 14. Nxe6
Rxe6 15. Qd8+ Qxd8 16. Rxd8+ Re8 17. Rxe8+ Nxe8 18. Bc4 Nd7 19. e5 Nc7 20. Rd1
Nf8 21. Rf1 Nce6 22. Be3 b6 23. Rd1 Rd8 24. Rd6 Rxd6 25. exd6 Nd7 26. Bxe6 fxe6
27. Bg5 Kf7 28. Kd2 e5 29. Ke3 Ke6 30. Be7 g6 31. b4 Kd5 32. Kd3 b5 33. a4 e4+
34. Kc2 bxa4 35. Bg5 Kxd6 36. c4 Ke5 37. Be3 Nb6 38. Kc3 a3 39. g3 a2 40. Bd4+
Kf5 41. Kb3 e3 42. Kxa2 Ke4 43. Bc3 Nxc4 44. Kb3 Kd3 45. Be1 Nd2+ 0-1

[Event "Mercredi 2014.01.08"]
[Site "Montreal CAN"]
[Date "2014.01.29"]
[Round "4"]
[White "Have, Didier"]
[Black "Dumouchel, Alain"]
[Result "1-0"]
[WhiteElo "1991"]
[BlackElo "1923"]
[PlyCount "39"]
[EventDate "2014.01.08"]
[EventType "tourn"]
[EventRounds "5"]
[EventCountry "CAN"]

1. e4 e5 2. Nf3 Nc6 3. Nc3 Nf6 4. d4 exd4 5. Nd5 Bc5 6. Bg5 d6 7. Bb5 a6 8. Ba4
b5 9. Bb3 Bg4 10. h3 Bh5 11. g4 Bg6 12. Nh4 Bxe4 13. O-O O-O 14. Re1 Re8 15.
Bxf6 gxf6 16. Qd2 Re5 17. Rxe4 Rxe4 18. Qh6 Re6 19. Nf5 Qf8 20. Nxf6+ 1-0

[Event "Mercredi 2014.01.08"]
[Site "Montreal CAN"]
[Date "2014.01.29"]
[Round "4"]
[White "Millette, Sylvain"]
[Black "Khudaverdian, Berj"]
[Result "1-0"]
[WhiteElo "1697"]
[BlackElo "1697"]
[PlyCount "61"]
[EventDate "2014.01.08"]
[EventType "tourn"]
[EventRounds "5"]
[EventCountry "CAN"]

1. Nf3 Nf6 2. g3 g6 3. Bg2 Bg7 4. O-O O-O 5. d4 d6 6. c4 c6 7. Nc3 Qc7 8. b3 e5
9. Ba3 Rd8 10. Rc1 Bg4 11. d5 Bh6 12. dxc6 bxc6 13. Nd2 Qa5 14. Bb2 a6 15. h3
Be6 16. e3 Ra7 17. Qf3 Bg7 18. Nde4 Nxe4 19. Nxe4 Qxa2 20. Rb1 Bf5 21. g4 Bxe4
22. Qxe4 Rb7 23. Rfd1 Rxb3 24. Rd2 Nd7 25. Ra1 d5 26. cxd5 cxd5 27. Qxd5 Qxb2
28. Rxb2 Rxb2 29. Rd1 Rb5 30. Qc6 Rb6 31. Qc7 1-0

[Event "Mercredi 2014.01.08"]
[Site "Montreal CAN"]
[Date "2014.01.29"]
[Round "4"]
[White "Nardone, Raul"]
[Black "Barko, Maxim"]
[Result "1-0"]
[WhiteElo "1898"]
[BlackElo "1883"]
[PlyCount "117"]
[EventDate "2014.01.08"]
[EventType "tourn"]
[EventRounds "5"]
[EventCountry "CAN"]

1. e4 c5 2. Nf3 Nc6 3. d4 cxd4 4. Nxd4 Nf6 5. Nc3 e5 6. Ndb5 d6 7. Nd5 Nxd5 8.
exd5 Ne7 9. c4 Ng6 10. h4 a6 11. h5 axb5 12. hxg6 fxg6 13. cxb5 Be7 14. Be3 Bg5
15. Bxg5 Qxg5 16. Qd2 Qg4 17. Rh3 Bf5 18. Rg3 Qe4+ 19. Re3 Qh4 20. b3 Rc8 21.
Rc1 O-O 22. Rec3 Qe4+ 23. Re3 Qh4 24. Rec3 Qe4+ 25. Re3 Qh4 26. Rec3 Rxc3 27.
Rxc3 Qe4+ 28. Kd1 Ra8 29. a4 Qb1+ 30. Qc1 Qa2 31. Qd2 Qa1+ 32. Qc1 Qa2 33. Qd2
Qa1+ 34. Qc1 Qa2 35. Qd2 Qxd2+ 36. Kxd2 Be4 37. Rc7 Bxd5 38. Bc4 Bxc4 39. Rxc4
h5 40. Rc7 Rb8 41. b6 g5 42. a5 h4 43. b4 Kh7 44. b5 Kg6 45. Rc6 Kf5 46. Rxd6
Rc8 47. a6 bxa6 48. b7 Rb8 49. bxa6 g4 50. Ke3 h3 51. gxh3 gxh3 52. Rb6 h2 53.
Rb1 Kg4 54. Rh1 Kh3 55. a7 Rxb7 56. a8=Q Rb3+ 57. Ke4 Rb4+ 58. Kxe5 Rb5+ 59.
Kd4 1-0

[Event "Mercredi 2014.01.08"]
[Site "Montreal CAN"]
[Date "2014.01.29"]
[Round "4"]
[White "O'Connor, Michael"]
[Black "Ouellet, Maili-Jade"]
[Result "1/2-1/2"]
[WhiteElo "1741"]
[BlackElo "1720"]
[PlyCount "82"]
[EventDate "2014.01.08"]
[EventType "tourn"]
[EventRounds "5"]
[EventCountry "CAN"]

1. d4 d5 2. Nf3 c6 3. c4 e6 4. Nc3 dxc4 5. a4 Bb4 6. Qc2 b5 7. g3 Bb7 8. Bg2
Nf6 9. O-O Bxc3 10. bxc3 O-O 11. Bf4 Nbd7 12. a5 a6 13. Rfd1 Qe7 14. e4 h6 15.
Bc1 c5 16. Ne1 cxd4 17. cxd4 e5 18. d5 Nc5 19. Ba3 Nfd7 20. Bh3 Rfc8 21. Nf3 f6
22. Nh4 Qd8 23. Nf5 Kh7 24. Nd6 Rc7 25. Qe2 g6 26. Qe3 Qg8 27. Nxb7 Nxb7 28. d6
Nxd6 29. Bxd6 Rca7 30. Bb4 Qf7 31. Rd6 Nf8 32. Rad1 Rc7 33. Qd2 Raa7 34. Rd8
Ne6 35. Bxe6 Qxe6 36. Rd6 Qf7 37. Rd8 Rab7 38. Rf8 Qd7 39. Rd8 Qf7 40. h4 g5
41. Rf8 Qe6 1/2-1/2

[Event "Mercredi 2014.01.08"]
[Site "Montreal CAN"]
[Date "2014.01.29"]
[Round "4"]
[White "Tremblay, Alain"]
[Black "Lebeau, Gilbert"]
[Result "1/2-1/2"]
[WhiteElo "2092"]
[BlackElo "2065"]
[PlyCount "35"]
[EventDate "2014.01.08"]
[EventType "tourn"]
[EventRounds "5"]
[EventCountry "CAN"]

1. Nf3 Nf6 2. c4 e6 3. b3 d5 4. g3 Be7 5. Bg2 c6 6. Bb2 O-O 7. O-O Nbd7 8. Qc2
b6 9. d3 Bb7 10. Nbd2 c5 11. e3 Qc7 12. Rac1 Rac8 13. Rfe1 Bd6 14. a3 Qb8 15.
Qb1 Rfe8 16. Qa1 Bc7 17. Re2 Rcd8 18. Rce1 1/2-1/2